Anem al teatre : l'Anoia : educació infantil, primària i secundària : l'oferta de la Diputació de Barcelona i del teu Ajuntament : curs l'Anoia :
Descripción Física:
il·lustracions ; 24 cm
MARC
| LEADER | 00000nam a2200000Ia 4500 | ||
|---|---|---|---|
| 001 | 17878, 17685, 19440, 21685, 22937, 23214, 24028, 25993, 25999, 26002 | ||
| 008 | 160829s2005 - xx 000 0 cat d | ||
| 017 | |a DL B 16680-2016 | ||
| 017 | |a DL B 14343-2019 | ||
| 017 | |a DL B 13523-2018 | ||
| 080 | |a FU-2-39, FU-15-5, FU-6-35, FU-43-11, FU-56-74, FU-59-59, FU-64-4 | ||
| 080 | |a FU-71-11 | ||
| 080 | |a FU-71-17 | ||
| 080 | |a FU-71-20 | ||
| 245 | |a Anem al teatre : |b l'Anoia : |b educació infantil, primària i secundària : |b l'oferta de la Diputació de Barcelona i del teu Ajuntament : |b curs | ||
| 246 | 3 | 3 | |a Anem al teatre : |b teatre, música i dansa per a educació infantil i primària : l'oferta de la Diputació de Barcelona i del vostre Ajuntament |
| 260 | |a Barcelona : |b Diputació de Barcelona. Àrea de Cultura. Àrea d'Educació, |c 2005- | ||
| 300 | |b il·lustracions ; |c 24 cm | ||
| 490 | 1 | |a Anem al teatre | |
| 500 | |a A partir de 2018: Anem al teatre : educació infantil, primària i secundària : l'oferta de la Diputació de Barcelona i del teu Ajuntament | ||
| 500 | |a A la portada: Arts escèniques i musicals | ||
| 590 | |a A la portada: Ajuntaments de l'Anoia i el Centre de Recursos Pedagògics de l'Anoia. A partir de 2016, editat per Diputació de Barcelona. Àrea de Cultura, Educació i Esports i Ajuntaments de l'Anoia | ||
| 650 | 0 | |a Teatre |z Anoia (Catalunya) |v Guies |9 49120 | |
| 650 | 0 | |a Música |z Anoia (Catalunya) |v Guies |9 49121 | |
| 650 | 0 | |a Dansa |z Anoia (Catalunya) |v Guies |9 49122 | |
| 650 | 0 | |a Cultura i lleure |z Anoia (Catalunya) |9 49123 | |
| 710 | |9 8009 |a Barcelona (Catalunya : Província). |b Àrea d'Educació | ||
| 710 | 1 | |9 53536 |a Barcelona (Catalunya : Província). |b Àrea de Cultura | |
| 710 | 2 | |9 53535 |a Centre de Recursos Pedagògics de l'Anoia | |
| 710 | 1 | |a Barcelona (Catalunya : Província). |b Àrea de Cultura, Educació i Esports |9 52666 | |
| 830 | 0 | |9 56316 |a Anem al teatre (Barcelona (Catalunya : Província). Diputació) | |
| 866 | |a 2005-2006 (10a ed.), 2006-2007 (11a ed.), 2007-2008 (12a ed.), 2008-2009 (13a ed.), 2010-2011 (15a ed.), 2011-2012 (16a ed.), 2013-2014 (18a ed.), 2016-17 (21a ed.), 2018-19 (23a ed.), 2019-20 (24 ed.) | ||
| 901 | |a Arxiu | ||
| 942 | |n 1 |2 udc | ||
| 952 | |0 0 |1 0 |4 0 |7 1 |9 55110 |a Arxiu |b Arxiu |d 2016-12-01 |h 2007-08 (12a ed.) |o FU-6-35 |p 19440 |r 2016-12-01 00:00:00 |w 2016-12-01 |y ARXIU | ||
| 952 | |0 0 |1 0 |4 0 |7 1 |9 62458 |a Arxiu |b Arxiu |d 2022-06-20 |h 2016-17 (21a ed.) |o FU-71-11 |p 25993 |r 2022-06-20 00:00:00 |w 2022-06-20 |y ARXIU | ||
| 952 | |0 0 |1 0 |4 0 |6 FU7117 |7 1 |9 62465 |a Arxiu |b Arxiu |d 2022-06-20 |h 2019-20 (24a ed.) |l 0 |o FU-71-17 |p 25999 |r 2022-06-20 00:00:00 |w 2022-06-20 |y ARXIU | ||
| 952 | |0 0 |1 0 |4 0 |6 FU7120 |7 1 |9 62468 |a Arxiu |b Arxiu |d 2022-06-20 |h 2018-19 (23a ed.) |l 0 |o FU-71-20 |p 26002 |r 2022-06-20 00:00:00 |w 2022-06-20 |y ARXIU | ||
| 952 | |0 0 |1 0 |4 0 |7 1 |9 65652 |a Arxiu |b Arxiu |d 2023-03-15 |h 2006-07 (11a ed.) |o FU-15-5 |p 17685 |r 2023-03-15 00:00:00 |w 2023-03-15 |y ARXIU | ||
| 952 | |0 0 |1 0 |4 0 |7 1 |9 65987 |a Arxiu |b Arxiu |d 2023-04-05 |h 2008-09 (13a ed.) |o FU-43-11 |p 21685 |r 2023-04-05 00:00:00 |w 2023-04-05 |y ARXIU | ||
| 952 | |0 0 |1 0 |4 0 |6 FU5674 |7 1 |9 66089 |a Arxiu |b Arxiu |d 2023-04-13 |h 2010-11 (15a ed.) |l 0 |o FU-56-74 |p 22937 |r 2023-04-13 00:00:00 |w 2023-04-13 |y ARXIU | ||
| 952 | |0 0 |1 0 |4 0 |6 FU5959 |7 1 |9 66105 |a Arxiu |b Arxiu |d 2023-04-13 |h 2011-12 (16a ed.) |l 0 |o FU-59-59 |p 23214 |r 2023-04-13 00:00:00 |w 2023-04-13 |y ARXIU | ||
| 952 | |0 0 |1 0 |4 0 |6 FU644 |7 1 |9 66154 |a Arxiu |b Arxiu |d 2023-04-18 |h 2013-14 (18a ed.) |l 0 |o FU-64-4 |p 24028 |r 2023-04-18 00:00:00 |w 2023-04-18 |y ARXIU | ||
| 952 | |0 0 |1 0 |4 0 |6 FU239 |7 0 |9 66207 |a Arxiu |b Arxiu |d 2023-04-27 |h 2005-06 (10a ed.) |l 0 |o FU-2-39 |p 17878 |r 2023-04-27 00:00:00 |w 2023-04-27 |y ARXIU | ||
| 999 | |c 58982 |d 58982 | ||